| 000 | 00443nam a2200169Ia 4500 | ||
|---|---|---|---|
| 008 | 230524s9999 xx 000 0 und d | ||
| 082 |
_a612 _bEMB |
||
| 100 |
_aCarol R. Ember _924018 |
||
| 245 | 0 | _aAnthropology (10th edn.) | |
| 250 | _a10TH | ||
| 260 |
_aNEW DELHI _bPearson _c2003 |
||
| 300 | _aVIII;624 | ||
| 500 | _aQuantity Number: 1 | ||
| 650 | _aBiomedical | ||
| 700 |
_a" Melvin Ember , Peter N.Peregrine,,," _924019 |
||
| 942 | _cBK | ||
| 999 |
_c35565 _d35565 |
||